RKC Waalwijk Current Squad - Statistics

General Stats
  • This quiz has been taken 22 times
  • The average score is 18 of 26
Answer Stats
Hint Answer % Correct
#1 (GK) Etienne Vaessen
100%
#29 (ATT) (c) Michiel Kramer
100%
Manager Henk Fraser
93%
#6 (MID) Yassin Oukili
93%
#3 (DEF) Dario van den Buijs
87%
#21 (GK) Jeroen Houwen
87%
#9 (ATT) David Min
80%
#24 (MID) Godfried Roemeratoe
80%
#2 (DEF) Julian Lelieveld
80%
#28 (DEF) Aaron Meijers
73%
#7 (ATT) Denilho Cleonise
73%
#19 (ATT) Richonell Margaret
73%
#4 (DEF) Shawn Adewoye
73%
#5 (DEF) Thierry Lutonda
73%
#14 (MID) Chris Lokesa
67%
#23 (DEF) Juriën Gaari
67%
#25 (DEF) Jeffrey Bruma
60%
#31 (GK) Joey Kesting
60%
#27 (MID) Reuven Niemeijer
60%
#20 (ATT) Ilias Takidine
53%
#13 (GK) Mark Spenkelink
53%
#8 (MID) Patrick Vroegh
53%
#35 (MID) Kevin Felida
47%
#11 (ATT) Zakaria Bakkali
47%
#15 (MID) Nouri El Harmazi
33%
#22 (DEF) Raz Meir
20%
No matching quizzes found
Score Distribution
Percent of People with Each Score
Percentile by Number Answered
Your Score History
You have not taken this quiz